<?xml version="1.0" encoding="UTF-8"?>
<marc:record xmlns:marc="http://www.loc.gov/MARC21/slim">
   <marc:leader>00000nam a2200000 a 4500</marc:leader>
   <marc:datafield ind1="1" ind2=" " tag="100">
      <marc:subfield code="a">Dreien, Bernadette von</marc:subfield>
      <marc:subfield code="4">aut</marc:subfield>
      <marc:subfield code="e">Verfasser/-in</marc:subfield>
   </marc:datafield>
   <marc:datafield ind1="1" ind2=" " tag="100">
      <marc:subfield code="a">Good, Nicola</marc:subfield>
      <marc:subfield code="4">stl</marc:subfield>
      <marc:subfield code="e">Erzähler/-in</marc:subfield>
   </marc:datafield>
   <marc:datafield ind1=" " ind2=" " tag="653">
      <marc:subfield code="a">Psiphänomen</marc:subfield>
   </marc:datafield>
   <marc:datafield ind1=" " ind2=" " tag="653">
      <marc:subfield code="a">Esoterik</marc:subfield>
   </marc:datafield>
   <marc:datafield ind1=" " ind2=" " tag="653">
      <marc:subfield code="a">Lebensführung</marc:subfield>
   </marc:datafield>
   <marc:datafield ind1=" " ind2=" " tag="653">
      <marc:subfield code="a">Anastasia 2.0</marc:subfield>
   </marc:datafield>
   <marc:datafield ind1=" " ind2=" " tag="653">
      <marc:subfield code="a">Christina</marc:subfield>
   </marc:datafield>
   <marc:datafield ind1=" " ind2=" " tag="653">
      <marc:subfield code="a">Hellsichtiges Kind</marc:subfield>
   </marc:datafield>
   <marc:datafield ind1=" " ind2=" " tag="653">
      <marc:subfield code="a">Kassette / Sachbücher/Psychologie</marc:subfield>
   </marc:datafield>
   <marc:datafield ind1=" " ind2=" " tag="653">
      <marc:subfield code="a">Spiritualität</marc:subfield>
   </marc:datafield>
   <marc:datafield ind1=" " ind2=" " tag="653">
      <marc:subfield code="a">Anthroposophie/Sonstiges</marc:subfield>
   </marc:datafield>
   <marc:datafield ind1=" " ind2=" " tag="653">
      <marc:subfield code="a">Hörbuch</marc:subfield>
   </marc:datafield>
   <marc:datafield ind1="0" ind2="0" tag="245">
      <marc:subfield code="a">Die Vision des Guten</marc:subfield>
   </marc:datafield>
   <marc:datafield ind1="0" ind2="0" tag="245">
      <marc:subfield code="c">Bernadette von Dreien ; gelesen von Nicola Good</marc:subfield>
   </marc:datafield>
   <marc:datafield ind1=" " ind2="1" tag="264">
      <marc:subfield code="a">Rheinau</marc:subfield>
      <marc:subfield code="b">Govinda-Verlag</marc:subfield>
   </marc:datafield>
   <marc:datafield ind1="1" ind2=" " tag="490">
      <marc:subfield code="a">Christina</marc:subfield>
      <marc:subfield code="v">Band 2</marc:subfield>
   </marc:datafield>
   <marc:datafield ind1=" " ind2=" " tag="250">
      <marc:subfield code="a">Vollständige Hörbuchfassung</marc:subfield>
   </marc:datafield>
   <marc:datafield ind1="1" ind2=" " tag="520">
      <marc:subfield code="a">Angaben aus der Verlagsmeldung

Christina, Band 2: Die Vision des Guten (mp3-CDs) : Band 2 / von Bernadette von Dreien

Die vollständige, ungekürzte Hörbuchfassung:

Christina ist eine 17-jährige junge Frau aus dem schweizerischen Toggenburg. Sie wurde mit einem stark erweiterten Bewusstsein geboren und gehört damit zu einer neuen Generation von jungen evolutionären Denkern, die das Dasein des Menschen als eine Komplexität von Quantenphysik, Neuropsychologie und Spiritualität erkennen, beschreiben und leben. Sie zeigt seit jeher einen bemerkenswerten Durchblick im heutigen Weltgeschehen und verblüfft mit ihrer hohen Ethik sowie mit einer Weisheit und einem inneren Frieden, die eine neue Dimension des Menschseins erahnen lassen.

Band 2 erzählt – wiederum aus der Sicht ihrer Mutter Bernadette – die Geschichte von Christinas Entwicklung weiter: Das Ende ihrer Schulzeit, die Offenbarung ihres Lebensplanes und der fulminante Beginn ihres Wirkens in der Öffentlichkeit.

Weitere Themen von Band 2 sind: Die universellen Spielregeln des Lebens; das Beschreiten des individuellen Seelenwegs und das Entfalten des persönlichen Potenzials; die Unterstützung durch unsere geistigen Begleiter; praktische Tipps zur individuellen und kollektiven Frequenzerhöhung; die stille Revolution der bedingungslosen Liebe; die Wichtigkeit der Erdung für die Menschen der neuen Zeit; die notwendige Verbindung von Querdenken und Spiritualität; ganzheitliche Wissenschaft und positive Technologie; vier Möglichkeiten der Bewusstseinsausrichtung; die fünfdimensionale Zukunft der Erdenmenschheit und das bevorstehende goldene Zeitalter.
</marc:subfield>
   </marc:datafield>
   <marc:datafield ind1=" " ind2=" " tag="020">
      <marc:subfield code="a">9783905831511</marc:subfield>
      <marc:subfield code="9">9783905831511</marc:subfield>
   </marc:datafield>
   <marc:datafield ind1=" " ind2=" " tag="020">
      <marc:subfield code="a">3905831511</marc:subfield>
      <marc:subfield code="9">3905831511</marc:subfield>
   </marc:datafield>
   <marc:datafield ind1=" " ind2=" " tag="041">
      <marc:subfield code="a">ger</marc:subfield>
   </marc:datafield>
   <marc:datafield ind1=" " ind2=" " tag="300">
      <marc:subfield code="a">2 CDs</marc:subfield>
   </marc:datafield>
</marc:record>
